1346 1768 1459 1426 1390 1908 1748 1520 1517 1323 1912 1135 1657 1796 1075 1376 1673 1756 1749 1361 1955 1386 1925 1449 1436 1638 1297 1415 1557 1520 1501 1052 1040 1307 1992 1930 1937 1648 1220 1302 1870 1004 1713 1120 1631 1902 1538 1307 1764 1368 1282 1701 1613 1079 1445 1489 1322 1482 1913 1305 1244 1677 1162 1361 1598 1681 1027 1098 1730 1473 1560 1490 1455 1918 1574 1913 1431 1600 1573 1519 1690 1051 1582 1357 1328 1486 1792 1771 1947 1616 1912 1339 1118 1936 1901 1863 1655 1308 1063 BCNSPRNW ULIB Ver.6.0+V

เปลี่ยนเป็นภาษาไทย

Change to English
 แสดงรายละเอียดบรรณานุกรม
  กลับหน้าหลัก

Brief Record : Get Marc (ISO 2709) : E-mail record : QR code < ปิดหน้าต่าง
LEADER : 00000nam 2200000uu 4500
001    13399122322
003     ULIB
008    130212s2555||||th 000 0 tha d
020    ^a9786163059499
060  4 ^aWJ140^bจ344ร
100 0  ^aจำนงค์ นพรัตน์
245 00 ^aระบบขับถ่ายปัสสาวะ :^bการตรวจปัสสาวะ /^cจำนงค์ นพรัตน์
250    ^aพิมพ์ครั้งที่ 1
260    ^aสงขลา :^bหน่วยผลิตตำรา คณะแพทยศาสตร์ มหาวิทยาลัยสงขลานครินทร์,^c2555
300    ^a197 หน้า :^bภาพประกอบสี
650  7 ^aระบบปัสสาวะและอวัยวะสืบพันธุ์
650  7 ^aปัสสาวะ^xการตรวจ
710 1  ^aมหาวิทยาลัยสงขลานครินทร์.^bคณะแพทยศาสตร์.
945    ^p340^l0^i033549
945    ^p340^l0^i033550
945    ^p340^l0^i033551
945    ^p340^l0^i033552
945    ^p340^l0^i033553
945    ^p340^l0^i033554
945    ^p340^l0^i033555
945    ^p340^l0^i033768
945    ^p340^l0^i033769
945    ^p340^l0^i033770
995    ^a เกษร
999    ^aเกษร โพธิ์สุวรรณ
รายการนี้ยังไม่มีแท็ก
คุณยังไม่ได้ล็อกอิน คุณสามารถมีกิจกรรมร่วมกับเว็บไซต์ได้ แต่ต้องล็อกอินก่อน ::
  ล็อกอิน

รายการสื่อสารสนเทศ

ลำดับที่ ประเภท เลขเรียก/บาร์โค้ด สถานที่ สถานะ
1. วิทยาศาสตร์การแพทย์ และสุขภาพ
หนังสือสำรอง
สถานะ=หนังสือสำรอง
WJ140 จ344ร ฉ.1 
  Barcode: 033549
ห้องสมุดวิทยาเขตสวรรค์ประชารักษ์
►หนังสือทั่วไป
ถูกยืม กำหนดส่งวันที่ 28 กันยายน 2567
  จอง
2. วิทยาศาสตร์การแพทย์ และสุขภาพ
วิทยาศาสตร์การแพทย์ และสุขภาพ
WJ140 จ344ร ฉ.10 
  Barcode: 033770
ห้องสมุดวิทยาเขตสวรรค์ประชารักษ์
►ส่วนจัดเก็บหนังสือเก่า สปร
บนชั้น
  ขอยืม
3. วิทยาศาสตร์การแพทย์ และสุขภาพ
วิทยาศาสตร์การแพทย์ และสุขภาพ
WJ140 จ344ร ฉ.2 
  Barcode: 033550
ห้องสมุดวิทยาเขตสวรรค์ประชารักษ์
►ส่วนจัดเก็บหนังสือเก่า สปร
บนชั้น
  ขอยืม
4. วิทยาศาสตร์การแพทย์ และสุขภาพ
วิทยาศาสตร์การแพทย์ และสุขภาพ
WJ140 จ344ร ฉ.3 
  Barcode: 033551
ห้องสมุดวิทยาเขตสวรรค์ประชารักษ์
►ส่วนจัดเก็บหนังสือเก่า สปร
บนชั้น
  ขอยืม
5. วิทยาศาสตร์การแพทย์ และสุขภาพ
วิทยาศาสตร์การแพทย์ และสุขภาพ
WJ140 จ344ร ฉ.4 
  Barcode: 033552
ห้องสมุดวิทยาเขตสวรรค์ประชารักษ์
►ส่วนจัดเก็บหนังสือเก่า สปร
บนชั้น
  ขอยืม
6. วิทยาศาสตร์การแพทย์ และสุขภาพ
วิทยาศาสตร์การแพทย์ และสุขภาพ
WJ140 จ344ร ฉ.5 
  Barcode: 033553
ห้องสมุดวิทยาเขตสวรรค์ประชารักษ์
►ส่วนจัดเก็บหนังสือเก่า สปร
บนชั้น
  ขอยืม
7. วิทยาศาสตร์การแพทย์ และสุขภาพ
วิทยาศาสตร์การแพทย์ และสุขภาพ
WJ140 จ344ร ฉ.6 
  Barcode: 033554
ห้องสมุดวิทยาเขตสวรรค์ประชารักษ์
►ส่วนจัดเก็บหนังสือเก่า สปร
บนชั้น
  ขอยืม
8. วิทยาศาสตร์การแพทย์ และสุขภาพ
วิทยาศาสตร์การแพทย์ และสุขภาพ
WJ140 จ344ร ฉ.7 
  Barcode: 033555
ห้องสมุดวิทยาเขตสวรรค์ประชารักษ์
►ส่วนจัดเก็บหนังสือเก่า สปร
บนชั้น
  ขอยืม
9. วิทยาศาสตร์การแพทย์ และสุขภาพ
วิทยาศาสตร์การแพทย์ และสุขภาพ
WJ140 จ344ร ฉ.8 
  Barcode: 033768
ห้องสมุดวิทยาเขตสวรรค์ประชารักษ์
►ส่วนจัดเก็บหนังสือเก่า สปร
บนชั้น
  ขอยืม
10. วิทยาศาสตร์การแพทย์ และสุขภาพ
วิทยาศาสตร์การแพทย์ และสุขภาพ
WJ140 จ344ร ฉ.9 
  Barcode: 033769
ห้องสมุดวิทยาเขตสวรรค์ประชารักษ์
►ส่วนจัดเก็บหนังสือเก่า สปร
บนชั้น
  ขอยืม

รายการใกล้เคียง
    ผู้แต่ง [จำนงค์ นพรัตน์]

    หัวเรื่อง [ระบบปัสสาวะและอวัยวะสืบพันธุ์]

BibComment


ยังไม่เคยถูกคอมเมนท์

คอมเมนท์ทรัพยากรรายการนี้
  คอมเมนท์: ระบบขับถ่ายปัสสา..


 Copyright 2026. Bcnsprnw @Library